000 00426nam a22001817a 4500
003 OSt
008 240221b |||||||| |||| 00| 0 eng d
020 _a9788120347540
082 _a006.31 SRO
100 _aSRA,Suvrit
245 _aOptimization for Machnine Learning
250 _a1st Ed
260 _aNew Delhi
_bPHI
_c2012
300 _a494
700 _aNOWOZIN,Sebastian
700 _aWRIGHT,Stephen J
942 _2ddc
999 _c12220
_d12220